El Espacio Desde una Ventana /

Guardat en:
Dades bibliogràfiques
Autor principal: Vega Rodríguez, Jorge
Format: Desconegut
Idioma:Spanish
Publicat: San José, Costa Rica : Editorial de la Universidad de Costa Rica, 1987.
Matèries:
Etiquetes: Afegir etiqueta
Sense etiquetes, Sigues el primer a etiquetar aquest registre!

MARC

LEADER 000000000a22000000004500
001 003163
041 0 |a spa 
082 0 4 |a CR863.4   |b V422e 
100 1 |a Vega Rodríguez, Jorge 
245 1 3 |a El Espacio Desde una Ventana /   |c Jorge Vega Rodríguez. 
260 1 |a San José, Costa Rica :   |b Editorial de la Universidad de Costa Rica,   |c 1987. 
300 |a 335 páginas 
650 4 |a LITERATURA COSTARRICENSE 
650 4 |a PROSA 
999 |c 9458  |d 9458 
942 |c BK  |h CR863.4 V422e  |2 z